000 00620nam a2200205Ia 4500
005 20250508164041.0
008 008 250505s9999 xx 000 0 eng d
020 _a81-7263-535-4
037 _aTextual
040 _aFEDL
_beng
_cFEDL
041 _aeng
_2eng
084 _a371.4, IGN
_qFEDL
245 0 _aBachho ke samajik sanvegi vikas mein margdarshan. ES-104
245 0 _cIndira Gandhi National Open University School of Education
260 _aNew Delhi, India
_bIGNOU
_c1994
365 _aINR
_b1650
650 _aTeaching Guidance
942 _cTEXL
_h371.4, IGN
999 _c1386783
_d1386783